<?xml version="1.0" encoding="UTF-8"?>
<record
    xmlns:xsi="http://www.w3.org/2001/XMLSchema-instance"
    xsi:schemaLocation="http://www.loc.gov/MARC21/slim http://www.loc.gov/standards/marcxml/schema/MARC21slim.xsd"
    xmlns="http://www.loc.gov/MARC21/slim">

  <leader>03822nam a2200385Ii 4500</leader>
  <controlfield tag="001">DIGUAH0008</controlfield>
  <controlfield tag="003">NyNyDIG</controlfield>
  <controlfield tag="008">141124s2008    cl      ob    000 f spa d</controlfield>
  <controlfield tag="006">m     o  d        </controlfield>
  <controlfield tag="007">cr |||||||||||</controlfield>
  <datafield tag="035" ind1=" " ind2=" ">
    <subfield code="a">(OCoLC)899045199</subfield>
  </datafield>
  <datafield tag="040" ind1=" " ind2=" ">
    <subfield code="a">DGITA</subfield>
    <subfield code="b">eng</subfield>
    <subfield code="e">rda</subfield>
    <subfield code="e">pn</subfield>
    <subfield code="c">DGITA</subfield>
  </datafield>
  <datafield tag="020" ind1=" " ind2=" ">
    <subfield code="a">9789568421977</subfield>
    <subfield code="q">(eBook)</subfield>
  </datafield>
  <datafield tag="020" ind1=" " ind2=" ">
    <subfield code="z">9789568421748</subfield>
  </datafield>
  <datafield tag="050" ind1="1" ind2="4">
    <subfield code="a">PQ8036.5.B67 eBook</subfield>
  </datafield>
  <datafield tag="245" ind1="0" ind2="0">
    <subfield code="a">.Cl :</subfield>
    <subfield code="b">textos de frontera /</subfield>
    <subfield code="c">Beatriz Garc&#xED;a-Huidobro, Andrea Jeftanovic, editoras ; comit&#xE9; editorial: Ignacio &#xC1;lvarez, Lorena Amaro, Eugenia Brito, Javier Edwards, Fernando P&#xE9;rez.</subfield>
  </datafield>
  <datafield tag="264" ind1=" " ind2="1">
    <subfield code="a">Santiago de Chile :</subfield>
    <subfield code="b">Ediciones Universidad Alberto Hurtado,</subfield>
    <subfield code="c">2012.</subfield>
  </datafield>
  <datafield tag="300" ind1=" " ind2=" ">
    <subfield code="a">1 online resource (299 pages).</subfield>
  </datafield>
  <datafield tag="336" ind1=" " ind2=" ">
    <subfield code="a">text</subfield>
    <subfield code="b">txt</subfield>
    <subfield code="2">rdacontent</subfield>
  </datafield>
  <datafield tag="337" ind1=" " ind2=" ">
    <subfield code="a">computer</subfield>
    <subfield code="b">c</subfield>
    <subfield code="2">rdamedia</subfield>
  </datafield>
  <datafield tag="338" ind1=" " ind2=" ">
    <subfield code="a">online resource</subfield>
    <subfield code="b">cr</subfield>
    <subfield code="2">rdacarrier</subfield>
  </datafield>
  <datafield tag="588" ind1="0" ind2=" ">
    <subfield code="a">Online resource; title from PDF title page (Digitalia, viewed November 24, 2014)</subfield>
  </datafield>
  <datafield tag="505" ind1="0" ind2=" ">
    <subfield code="a">Narrando las fronteras de Chile / Beatriz Garc&#xED;a-Huidobro Andrea Jeftanovic -- El 34 / Alejandro Zambra -- El alguacil / Marco Antonio De la Parra -- As&#xED;... / Eugenia Prado -- Auto-geografias / Mar&#xED;a Jos&#xE9; Navia -- El boche / Guadalupe Santa Cruz -- Boy / Mike Wilson -- Cachip&#xFA;n / Alejandra Costamagna -- La casa nueva / Natalia Berbelagua -- Los conspiradores / Daniel Hidalgo -- Un mapa contrahecho / Ignacio &#xC1;lvarez -- La cortina trasparente / Carlos Labb&#xE9; -- El cristal con que se mira / Dar&#xED;o Oses -- El cuchillo / F&#xE1;tima Sime -- En el Azul de los Sue&#xF1;os (y los contasue&#xF1;os) / Elicura Chihuailaf -- En la isla / Nicol&#xE1;s Poblete -- El estado de la cuesti&#xF3;n / Kato Ramone -- El estante vac&#xED;o / Francisco D&#xED;az Klassen -- Una f&#xE1;bula hardcore / Patricio Jara -- &#xBF;Con qu&#xE9; limita .cl? / Lorena Amaro -- Fatiga de material / Beatriz Garc&#xED;a-Huidobro -- Felicidad en blanco y negro / Lilian Elphick -- Figuras ordinarias / Roberto Brodsky -- La frontera y su sombra / Luis Seguel -- Funci&#xF3;n de teatro / Juan Mihovilovich -- Guardia Malo / Carlos Tromben -- La hoguera / Sim&#xF3;n Soto -- El ladrido de los perros / Diego Z&#xFA;&#xF1;iga -- Tr&#xE1;nsito obligado en la postdictadura / Eugenia Brito -- Lee cada palabra que escribo por encima de mi hombro derecho / Mar&#xED;a Jos&#xE9; Viera-Gallo -- La l&#xED;nea de la concordia / Pablo Toro -- Madariaga colectivo / Marcelo Mellado -- Mantis religiosa / Juan Pablo Sutherland -- Me dirijo al infierno / Rodrigo D&#xED;az Cortez -- &#xBF;Me quieres follar? / Claudia Apablaza -- Mi noche junto a una cala negra / Cynthia Rimsky -- La ni&#xF1;a del zapato roto / Yuri P&#xE9;rez -- La identidad, los l&#xED;mites / Javier Edwards -- El ojo de Watanabe / Andrea Jeftanovic -- Palabras y hormigas / Isabel Mellado -- Petrarca o el crep&#xFA;sculo / Pablo Torche -- La posibilidad de la taza sobre la mesa / Marcelo Simonetti -- POZO / &#xC1;lvaro Bisama -- El querisque / Andrea Maturana -- Random / Daniel Rojas Pacha -- Un cat&#xE1;logo de cosas: armas, amuletos y portales / Fernando P&#xE9;rez -- Se busca muchacho / Jos&#xE9; Leandro Urbina -- Space Invaders / Nona Fern&#xE1;ndez -- Tajo abierto / Sergio Missana -- Terremoto en la frontera / Juan Pablo Meneses -- La voz / Luis L&#xF3;pez Aliaga.</subfield>
  </datafield>
  <datafield tag="650" ind1=" " ind2="0">
    <subfield code="a">Short stories, Chilean</subfield>
    <subfield code="y">21st century.</subfield>
  </datafield>
  <datafield tag="651" ind1=" " ind2="0">
    <subfield code="a">Chile</subfield>
    <subfield code="x">Boundaries</subfield>
    <subfield code="v">Fiction.</subfield>
  </datafield>
  <datafield tag="655" ind1=" " ind2="0">
    <subfield code="a">Electronic books.</subfield>
  </datafield>
  <datafield tag="700" ind1="1" ind2=" ">
    <subfield code="a">Garc&#xED;a-Huidobro, Beatriz,</subfield>
    <subfield code="d">1960-</subfield>
    <subfield code="e">editor.</subfield>
  </datafield>
  <datafield tag="700" ind1="1" ind2=" ">
    <subfield code="a">Jeftanovic, Andrea,</subfield>
    <subfield code="d">1970-</subfield>
    <subfield code="e">editor.</subfield>
  </datafield>
  <datafield tag="776" ind1="0" ind2="8">
    <subfield code="i">Print version:</subfield>
    <subfield code="t">.cl : textos de frontera.</subfield>
    <subfield code="d">Santiago de Chile : Ediciones Universidad Alberto Hurtado, 2008</subfield>
    <subfield code="z">9789568421748</subfield>
    <subfield code="w">(OCoLC)822968171</subfield>
  </datafield>
  <datafield tag="793" ind1="0" ind2=" ">
    <subfield code="g">Digitalia eBook Collection:</subfield>
    <subfield code="a">Ediciones Universidad Alberto Hurtado</subfield>
  </datafield>
  <datafield tag="791" ind1="2" ind2=" ">
    <subfield code="a">Digitalia (Firm)</subfield>
    <subfield code="e">publisher</subfield>
  </datafield>
  <datafield tag="856" ind1="4" ind2="0">
    <subfield code="3">Digitalia Hisp&#xE1;nica</subfield>
    <subfield code="u">https://www.digitaliapublishing.com/a/23688/</subfield>
  </datafield>
  <datafield tag="910" ind1=" " ind2=" ">
    <subfield code="a">Premium Collection: 2014</subfield>
  </datafield>
  <datafield tag="942" ind1=" " ind2=" ">
    <subfield code="c">RAA</subfield>
  </datafield>
  <datafield tag="952" ind1=" " ind2=" ">
    <subfield code="0">0</subfield>
    <subfield code="1">0</subfield>
    <subfield code="4">0</subfield>
    <subfield code="7">0</subfield>
    <subfield code="8">DEH</subfield>
    <subfield code="a">BD-UIN</subfield>
    <subfield code="b">BD-UIN</subfield>
    <subfield code="d">2025-04-25</subfield>
    <subfield code="l">0</subfield>
    <subfield code="r">2025-04-25</subfield>
    <subfield code="w">2025-04-25</subfield>
    <subfield code="y">RAA</subfield>
  </datafield>
  <datafield tag="999" ind1=" " ind2=" ">
    <subfield code="c">237845</subfield>
    <subfield code="d">237845</subfield>
  </datafield>
</record>
